<?xml version="1.0" encoding="UTF-8"?>
<record
    xmlns:xsi="http://www.w3.org/2001/XMLSchema-instance"
    xsi:schemaLocation="http://www.loc.gov/MARC21/slim http://www.loc.gov/standards/marcxml/schema/MARC21slim.xsd"
    xmlns="http://www.loc.gov/MARC21/slim">

  <leader>00685nam a2200229 a 4500</leader>
  <controlfield tag="001">3457</controlfield>
  <controlfield tag="003">BD-RjUL</controlfield>
  <controlfield tag="005">20211208233731.0</controlfield>
  <controlfield tag="008">160625s1965    enka     b    000 0 eng</controlfield>
  <datafield tag="035" ind1=" " ind2=" ">
    <subfield code="a">(BD-RjUL)3491</subfield>
  </datafield>
  <datafield tag="040" ind1=" " ind2=" ">
    <subfield code="a">DLC</subfield>
    <subfield code="c">DLC</subfield>
    <subfield code="d">MYG</subfield>
    <subfield code="d">BD-RjUL</subfield>
    <subfield code="b">eng</subfield>
  </datafield>
  <datafield tag="041" ind1=" " ind2=" ">
    <subfield code="a">eng</subfield>
  </datafield>
  <datafield tag="082" ind1="0" ind2="4">
    <subfield code="2">23</subfield>
    <subfield code="a">332.414</subfield>
    <subfield code="b">CON 1965</subfield>
  </datafield>
  <datafield tag="245" ind1="1" ind2="4">
    <subfield code="a">The controversy over the quantity theory of money /</subfield>
    <subfield code="c">Eduted by Edwin Dean.</subfield>
  </datafield>
  <datafield tag="260" ind1=" " ind2=" ">
    <subfield code="a">Boston :</subfield>
    <subfield code="b">D. C. Heath,</subfield>
    <subfield code="c">c1965 [printed 1965].</subfield>
  </datafield>
  <datafield tag="300" ind1=" " ind2=" ">
    <subfield code="a">xvi, 124 p. ;</subfield>
    <subfield code="c">23 cm.</subfield>
  </datafield>
  <datafield tag="490" ind1="1" ind2=" ">
    <subfield code="a">Studies in economics</subfield>
  </datafield>
  <datafield tag="650" ind1=" " ind2="0">
    <subfield code="a">Quantity theory of money.</subfield>
    <subfield code="9">10873</subfield>
  </datafield>
  <datafield tag="700" ind1="1" ind2=" ">
    <subfield code="a">Dean, Edwin.</subfield>
    <subfield code="9">10874</subfield>
  </datafield>
  <datafield tag="830" ind1=" " ind2="0">
    <subfield code="a">Studies in economics.</subfield>
    <subfield code="9">134040</subfield>
  </datafield>
  <datafield tag="942" ind1=" " ind2=" ">
    <subfield code="2">ddc</subfield>
    <subfield code="c">BK</subfield>
  </datafield>
  <datafield tag="999" ind1=" " ind2=" ">
    <subfield code="c">3457</subfield>
    <subfield code="d">3457</subfield>
  </datafield>
  <datafield tag="952" ind1=" " ind2=" ">
    <subfield code="0">0</subfield>
    <subfield code="1">0</subfield>
    <subfield code="2">ddc</subfield>
    <subfield code="4">0</subfield>
    <subfield code="7">0</subfield>
    <subfield code="8">NFIC</subfield>
    <subfield code="a">RUCL</subfield>
    <subfield code="b">RUCL</subfield>
    <subfield code="c">Stack</subfield>
    <subfield code="d">1973-08-02</subfield>
    <subfield code="e">Oxford university press</subfield>
    <subfield code="g">18.50</subfield>
    <subfield code="l">0</subfield>
    <subfield code="o">332.414 CON 1965</subfield>
    <subfield code="r">2013-12-19 00:00:00</subfield>
    <subfield code="t">C-4</subfield>
    <subfield code="w">2021-12-08</subfield>
    <subfield code="y">BK</subfield>
  </datafield>
  <datafield tag="952" ind1=" " ind2=" ">
    <subfield code="0">0</subfield>
    <subfield code="1">0</subfield>
    <subfield code="2">ddc</subfield>
    <subfield code="4">0</subfield>
    <subfield code="7">0</subfield>
    <subfield code="8">NFIC</subfield>
    <subfield code="a">RUCL</subfield>
    <subfield code="b">RUCL</subfield>
    <subfield code="c">Stack</subfield>
    <subfield code="d">1973-08-02</subfield>
    <subfield code="e">Oxford university press,</subfield>
    <subfield code="g">18.15</subfield>
    <subfield code="l">0</subfield>
    <subfield code="o">332.414 CON 1965</subfield>
    <subfield code="r">2016-06-25 00:00:00</subfield>
    <subfield code="t">C-2</subfield>
    <subfield code="w">2016-06-25</subfield>
    <subfield code="y">BK</subfield>
  </datafield>
  <datafield tag="952" ind1=" " ind2=" ">
    <subfield code="0">0</subfield>
    <subfield code="1">0</subfield>
    <subfield code="2">ddc</subfield>
    <subfield code="4">0</subfield>
    <subfield code="7">0</subfield>
    <subfield code="8">NFIC</subfield>
    <subfield code="a">RUCL</subfield>
    <subfield code="b">RUCL</subfield>
    <subfield code="c">Stack</subfield>
    <subfield code="d">1973-08-02</subfield>
    <subfield code="e">Oxford university press,</subfield>
    <subfield code="g">18.15</subfield>
    <subfield code="l">0</subfield>
    <subfield code="o">332.414 CON 1965</subfield>
    <subfield code="r">2016-06-25 00:00:00</subfield>
    <subfield code="t">C-3</subfield>
    <subfield code="w">2016-06-25</subfield>
    <subfield code="y">BK</subfield>
  </datafield>
  <datafield tag="952" ind1=" " ind2=" ">
    <subfield code="0">0</subfield>
    <subfield code="1">0</subfield>
    <subfield code="2">ddc</subfield>
    <subfield code="4">0</subfield>
    <subfield code="7">0</subfield>
    <subfield code="8">NFIC</subfield>
    <subfield code="a">RUCL</subfield>
    <subfield code="b">RUCL</subfield>
    <subfield code="c">Stack</subfield>
    <subfield code="d">1973-08-02</subfield>
    <subfield code="e">Oxford university press,</subfield>
    <subfield code="g">18.15</subfield>
    <subfield code="l">0</subfield>
    <subfield code="o">332.414 CON 1965</subfield>
    <subfield code="r">2016-06-25 00:00:00</subfield>
    <subfield code="t">C-5</subfield>
    <subfield code="w">2016-06-25</subfield>
    <subfield code="y">BK</subfield>
  </datafield>
  <datafield tag="952" ind1=" " ind2=" ">
    <subfield code="0">0</subfield>
    <subfield code="1">0</subfield>
    <subfield code="2">ddc</subfield>
    <subfield code="4">0</subfield>
    <subfield code="7">0</subfield>
    <subfield code="8">NFIC</subfield>
    <subfield code="a">RUCL</subfield>
    <subfield code="b">RUCL</subfield>
    <subfield code="c">Stack</subfield>
    <subfield code="d">1973-08-02</subfield>
    <subfield code="e">Oxford university press,</subfield>
    <subfield code="g">18.15</subfield>
    <subfield code="l">0</subfield>
    <subfield code="o">332.414 CON 1965</subfield>
    <subfield code="r">2016-06-25 00:00:00</subfield>
    <subfield code="t">C-6</subfield>
    <subfield code="w">2016-06-25</subfield>
    <subfield code="y">BK</subfield>
  </datafield>
</record>
